| 000 | 00883nam a22002055i 4500 | ||
|---|---|---|---|
| 001 | 160362 | ||
| 003 | ES-MaACL | ||
| 005 | 20250723094642.0 | ||
| 008 | 950206s1886 sp |||| | spa d | ||
| 040 |
_aCLM _bspa _cCCPB | PA2 |
||
| 100 | 1 |
_aMuñoz de Madariaga, Juan José. _9130329 |
|
| 245 | 1 | 0 |
_aLecciones de Química aplicada _b: explicadas en la Escuela Especial de Ingenieros de Montes / _cpor Don Juan Jose Muñoz de Madariaga. |
| 260 |
_aMadrid : _b[s.n.], _c1886 ( _fImprenta de Moreno y Rojas) |
||
| 300 |
_a436, [4] p. ; _c25 cm. |
||
| 530 | _aDisponible también en sitio web. | ||
| 650 | 7 |
_aQuímica _2embne _916625 |
|
| 852 |
_aES-MaACL _jG-9535(6) _z-- Enc. hol. _q-- Falto de la cub. original |
||
| 856 |
_uhttp://bibliotecadigitalhispanica.bne.es:80/webclient/DeliveryManager?pid=1681414&custom_att_2=simple_viewer _zIr a la página |
||
| 999 |
_c160362 _d160362 |
||